Normal view MARC view

Entry Topical Term

Number of records used in: 1

001 - CONTROL NUMBER

  • control field: 52621

003 - CONTROL NUMBER IDENTIFIER

  • control field: AUA.1

005 - DATE AND TIME OF LATEST TRANSACTION

  • control field: 20160209130755.0

008 - FIXED-LENGTH DATA ELEMENTS

  • fixed length control field: 160209|||a|||||| | ||| d

040 ## - CATALOGING SOURCE

  • Original cataloging agency: AUA.1
  • Transcribing agency: AUA.1

150 ## - HEADING--TOPICAL TERM

  • Topical term or geographic name as entry element: Finance, Personal
  • General subdivision: Religious aspects
  • General subdivision: Christianity

670 ## - SOURCE DATA FOUND

  • Source citation: Work cat.: (AUA.1)4669: Crown Financial Ministries 1943- 16785, Stories of true financial freedom :, 2006.